<?xml version="1.0" encoding="UTF-8"?>
<record
    xmlns:xsi="http://www.w3.org/2001/XMLSchema-instance"
    xsi:schemaLocation="http://www.loc.gov/MARC21/slim http://www.loc.gov/standards/marcxml/schema/MARC21slim.xsd"
    xmlns="http://www.loc.gov/MARC21/slim">

  <leader>01493nab a22002417a 4500</leader>
  <datafield tag="999" ind1=" " ind2=" ">
    <subfield code="c">5257</subfield>
    <subfield code="d">5257</subfield>
  </datafield>
  <controlfield tag="003">OSt</controlfield>
  <controlfield tag="005">20250209192752.0</controlfield>
  <controlfield tag="008">190603e        xxum|||| |||| 00| 0 spa d</controlfield>
  <datafield tag="040" ind1=" " ind2=" ">
    <subfield code="c">PJ</subfield>
  </datafield>
  <datafield tag="100" ind1=" " ind2=" ">
    <subfield code="9">6270</subfield>
    <subfield code="a">Pedraza, Marco</subfield>
  </datafield>
  <datafield tag="245" ind1="1" ind2="0">
    <subfield code="a">Atribuci&#xF3;n del uso de la vivienda familiar : </subfield>
    <subfield code="b">luces, sombras e interrogantes de una regulaci&#xF3;n perfectible /</subfield>
    <subfield code="c">Marco Pedraza.</subfield>
  </datafield>
  <datafield tag="260" ind1=" " ind2=" ">
    <subfield code="c">Ciudad Aut&#xF3;noma de Buenos Aires :</subfield>
    <subfield code="a">Thomson Reuters La Ley, </subfield>
    <subfield code="b">2025.</subfield>
  </datafield>
  <datafield tag="300" ind1=" " ind2=" ">
    <subfield code="a">p. 149-169</subfield>
  </datafield>
  <datafield tag="500" ind1=" " ind2=" ">
    <subfield code="a">Cita Online: TR LALEY AR/DOC/37/2025.
 Publicado en: RCCyC 2025 (febrero) , 149.</subfield>
  </datafield>
  <datafield tag="505" ind1=" " ind2=" ">
    <subfield code="a"> Sumario: I. Palabras introductorias.&#x2014; II. Un necesario punto de partida: la atribuci&#xF3;n del uso de la vivienda familiar como efecto del divorcio o del cese de la uni&#xF3;n convivencial. Concepto y ubicaci&#xF3;n metodol&#xF3;gica.&#x2014; III. La atribuci&#xF3;n del uso de la vivienda familiar como efecto del divorcio.&#x2014; IV. La atribuci&#xF3;n del uso de la vivienda como efecto del cese de la uni&#xF3;n convivencial: una protecci&#xF3;n r&#xED;gida, endeble y precaria.&#x2014; V. Palabras finales. </subfield>
  </datafield>
  <datafield tag="505" ind1=" " ind2=" ">
    <subfield code="t">&#xBF;Te interesa el texto completo? Solicitalo al correo: koha@justierradelfuego.gov.ar</subfield>
  </datafield>
  <datafield tag="650" ind1=" " ind2="0">
    <subfield code="9">967</subfield>
    <subfield code="a">DERECHO DE FAMILIA</subfield>
  </datafield>
  <datafield tag="650" ind1=" " ind2="0">
    <subfield code="9">5362</subfield>
    <subfield code="a">VIVIENDA FAMILIAR</subfield>
  </datafield>
  <datafield tag="650" ind1=" " ind2="0">
    <subfield code="9">5573</subfield>
    <subfield code="a">ATRIBUCI&#xD3;N DE LA VIVIENDA</subfield>
  </datafield>
  <datafield tag="650" ind1=" " ind2="0">
    <subfield code="9">1053</subfield>
    <subfield code="a">UNIONES CONVIVENCIALES</subfield>
  </datafield>
  <datafield tag="773" ind1="0" ind2=" ">
    <subfield code="0">2713</subfield>
    <subfield code="9">3170</subfield>
    <subfield code="d">Ciudad Aut&#xF3;noma de Buenos Aires : Thomson Reuters La Ley, 2015-</subfield>
    <subfield code="t">Revista C&#xF3;digo Civil y Comercial. N&#xBA; 1 - Febrero 2025</subfield>
  </datafield>
  <datafield tag="942" ind1=" " ind2=" ">
    <subfield code="2">udc</subfield>
    <subfield code="c">ANA</subfield>
  </datafield>
</record>
